| 000 | 00582nam a22002177a 4500 | ||
|---|---|---|---|
| 999 |
_c442819 _d442819 |
||
| 003 | UA-OsUOA | ||
| 005 | 20191115110320.0 | ||
| 008 | 191115b un ||||| |||| 00| 0 ukr d | ||
| 020 | _a526501201Х | ||
| 040 |
_aUA-OsUOA _bukr _cUA-OsUOA _dUA-OsUOA |
||
| 041 | _aukr | ||
| 080 | _a821.161.1 | ||
| 090 |
_a821.161.1 _bТ46 |
||
| 100 | _aТихонов Н. С | ||
| 245 |
_aРассказы _cНиколай Тихонов |
||
| 260 |
_aМосква _bСоветский писатель _c1991 |
||
| 300 | _a272 с. | ||
| 650 | _a821.161.1 | ||
| 942 |
_2udc _cBK |
||
| 955 | _a3 | ||